00000000nam 2200000zi 4500
0019.947404
003CaOODSP
00520250127141030
006m     o  d f      
007cr mn|||||||||
008250127t19911992oncd    ob   f000 0 fre d
020 |z0662977246
040 |aCaOODSP|bfre|erda|cCaOODSP
043 |an-cn---
0861 |aZ1-1989/1-41-4F-PDF|zZ1-1989/1-41-4F
24500|aÉtablissement du coût de l'infrastructure aérienne : |brapport final à l'intention de la Commission royale sur le transport des voyageurs au Canada / |cSypher : Mueller International Inc.
264 1|a[Ottawa] : |b[Commission royale sur le transport des voyageurs au Canada], |caoût 1991.
264 4|c©1992
300 |a1 ressource en ligne (1 volume (en pagination multiple)) : |bgraphiques
336 |atexte|btxt|2rdacontent/fre
337 |ainformatique|bc|2rdamedia/fre
338 |aressource en ligne|bcr|2rdacarrier/fre
500 |aPublié aussi en anglais sous le titre : Air infrastructure costing : final report.
500 |a« Rapport rédigé pour la Division de la recherche, Commission royale sur le transport des voyageurs au Canada. »
500 |a« RR-04. »
500 |aÉdition numérisée de l'imprimée [par Direction des publications du gouvernement du Canada].
504 |aComprend des références bibliographiques.
650 6|aAéroports|xAspect économique|zCanada.
650 6|aTransports aériens|xAspect économique|zCanada.
650 6|aCompagnies de transport aérien|xAspect économique|zCanada.
7101 |aCanada. |bCommission royale sur le transport des voyageurs au Canada. |bDivision de la recherche, |eorganisme de publication.
7102 |aSypher:Mueller International, |econsultant.
77508|tAir infrastructure costing : |w(CaOODSP)9.947403
85640|qPDF|s49.0 Mo|uhttps://publications.gc.ca/collections/collection_2025/bcp-pco/Z1-1989-1-41-4-fra.pdf